000
00323nam a22001457a 4500
999
_c
54945
_d
54945
008
190927b ||||| |||| 00| 0 eng d
020
_a
9780073028262
041
_a
eng
080
_2
6th
_a
57
082
_a
57
100
_a
11
101
_a
BIO
245
_a
Biology of the Invertebrates
_c
Pechenik,J.A
942
_2
udc
_c
BK